[Event "27. Torneo San Viator 2016 - Troneo B"]
[Site "Madrid ESP"]
[Date "2016.10.02"]
[Round "2.19"]
[White "Palomares Cortez, Facundo Seba"]
[Black "Fogue Angelina, Hugo"]
[Result "0-1"]
[WhiteElo "1184"]
[BlackElo "1583"]
[PlyCount "164"]
[EventDate "2016.09.25"]
[EventType "swiss"]
[EventRounds "9"]
[EventCountry "ESP"]
[Source "lmi"]
[SourceDate "2016.09.25"]

1. e4 c5 2. Nc3 d6 3. g3 Nc6 4. Bg2 Nf6 5. Nge2 g6 6. d3 Bg7 7. h3 O-O 8. Be3
Bd7 9. O-O Rc8 10. Qd2 a6 11. Bh6 b5 12. Bxg7 Kxg7 13. f4 h5 14. f5 Ne5 15. Nf4
Rh8 16. Nfd5 g5 17. Nxf6 exf6 18. Nd5 Bc6 19. d4 Nc4 20. Qc3 Qa5 21. Qxa5 Nxa5
22. dxc5 dxc5 23. Ne7 Rcd8 24. Nxc6 Nxc6 25. Rad1 Rxd1 26. Rxd1 Rd8 27. Rxd8
Nxd8 28. g4 hxg4 29. hxg4 Kf8 30. Kf2 Ke7 31. Ke3 Kd6 32. Bf1 Nc6 33. c3 Ne5
34. Be2 Nd7 35. b3 Nb6 36. Bd1 c4 37. b4 Ke5 38. Kf3 Nc8 39. Ke3 Nd6 40. Bc2
Nb7 41. Kf3 a5 42. a3 axb4 43. axb4 Nd8 44. Ke3 Nc6 45. Bd1 Nb8 46. Bf3 Nc6 47.
Bd1 Nb8 48. Kf3 Nd7 49. Ke3 Nb6 50. Bc2 Nc8 51. Kf3 Nb6 52. Ke3 Nc8 53. Kf3 Ne7
54. Ke3 Nc6 55. Bd1 Na7 56. Kf3 Nc8 57. Ke3 Nb6 58. Bc2 Na4 59. Bxa4 bxa4 60.
b5 a3 61. b6 Kd6 62. Kd4 a2 63. Kxc4 Kc6 64. b7 Kxb7 65. Kd5 Kc7 66. e5 a1=Q
67. e6 fxe6+ 68. fxe6 Qxc3 69. e7 Qe3 70. e8=Q Qxe8 71. Kd4 Qa4+ 72. Kd5 Kb6
73. Ke6 Qxg4+ 74. Kxf6 Qf4+ 75. Ke6 g4 76. Ke7 Qh6 77. Kd7 Kc5 78. Ke7 Qg6 79.
Kf8 Qh7 80. Ke8 Qg7 81. Kd8 Kd6 82. Kc8 Qc7# 0-1

[Event "27. Torneo San Viator 2016 - Troneo B"]
[Site "Madrid ESP"]
[Date "2016.10.02"]
[Round "2.20"]
[White "Mora Marin, Guillermo"]
[Black "Perez Perez, Marta"]
[Result "1-0"]
[WhiteElo "1620"]
[BlackElo "1392"]
[PlyCount "63"]
[EventDate "2016.09.25"]
[EventType "swiss"]
[EventRounds "9"]
[EventCountry "ESP"]
[Source "lmi"]
[SourceDate "2016.09.25"]

1. d4 d5 2. c4 c6 3. cxd5 cxd5 4. Nc3 Nc6 5. Nf3 Nf6 6. e3 Bf5 7. h3 Bc8 8. a3
e6 9. Bd3 Bd6 10. O-O O-O 11. Qc2 Re8 12. b4 e5 13. dxe5 Nxe5 14. Nxe5 Bxe5 15.
Bb2 d4 16. exd4 Bxd4 17. Rad1 h6 18. Nb5 Bxf2+ 19. Rxf2 Qb6 20. Nc7 Rb8 21.
Nxe8 Nxe8 22. Qe2 Be6 23. Bd4 Qc6 24. Be4 Qa4 25. Qb2 Qxd1+ 26. Kh2 b6 27. Bc6
Qh5 28. Bxe8 Rxe8 29. Bxg7 Qg6 30. Rf3 Kh7 31. Rg3 Qf5 32. Bf8 1-0

[Event "27. Torneo San Viator 2016 - Troneo B"]
[Site "Madrid ESP"]
[Date "2016.10.02"]
[Round "2.21"]
[White "Gonzalez Morente, Jose A"]
[Black "Cabello Rodriguez, Raul"]
[Result "0-1"]
[WhiteElo "1382"]
[BlackElo "1571"]
[PlyCount "62"]
[EventDate "2016.09.25"]
[EventType "swiss"]
[EventRounds "9"]
[EventCountry "ESP"]
[Source "lmi"]
[SourceDate "2016.09.25"]

1. e4 e6 2. d4 d5 3. Bd3 dxe4 4. Bxe4 Nf6 5. Bf3 c5 6. Ne2 Nc6 7. Bxc6+ bxc6 8.
O-O Ba6 9. c3 Be7 10. Re1 cxd4 11. Nxd4 Qd5 12. Nd2 Rd8 13. Qa4 Bb7 14. Qxa7 c5
15. N4f3 Bd6 16. Qa4+ Bc6 17. Qb3 Qh5 18. Qc4 O-O 19. Qh4 Qg6 20. Qg5 Qc2 21.
Qe3 Nd5 22. Qe2 Nf4 23. Qd1 Qg6 24. g3 Qg4 25. Nh4 Nh3+ 26. Kf1 Bb5+ 27. Kg2
Nf4+ 28. Kh1 Ne2 29. c4 Bc6+ 30. Ng2 Qh3 31. f3 Bxg3 0-1

[Event "27. Torneo San Viator 2016 - Troneo B"]
[Site "Madrid ESP"]
[Date "2016.10.02"]
[Round "2.22"]
[White "Castro Uceda, Jose Antonio"]
[Black "Pastor Diaz, David"]
[Result "1-0"]
[WhiteElo "1532"]
[BlackElo "1378"]
[PlyCount "84"]
[EventDate "2016.09.25"]
[EventType "swiss"]
[EventRounds "9"]
[EventCountry "ESP"]
[Source "lmi"]
[SourceDate "2016.09.25"]

1. e4 e6 2. d4 d5 3. e5 Nc6 4. Nf3 Be7 5. Bb5 Bd7 6. O-O f5 7. exf6 Nxf6 8.
Bxc6 Bxc6 9. Ne5 Bb5 10. Re1 Qd6 11. Bg5 g6 12. Nc3 Ba6 13. Qf3 Rf8 14. Qh3 Rh8
15. Qh4 Nd7 16. Bxe7 Qxe7 17. Nxg6 Qxh4 18. Nxh4 Nf8 19. Na4 O-O-O 20. Nc5 Rd6
21. Re3 Bb5 22. Rae1 Bd7 23. Nf3 b6 24. Nxd7 Kxd7 25. Ng5 Ke7 26. Rf3 Rg8 27.
h4 Rg7 28. b3 h6 29. Nh3 Rf7 30. Rfe3 Rc6 31. c3 Ng6 32. g3 h5 33. Ng5 Rf6 34.
Nf3 Rf5 35. Nd2 Rd6 36. c4 Kf6 37. Nf3 dxc4 38. bxc4 c6 39. Ng5 Nf8 40. Ne4+
Ke7 41. Nxd6 Kxd6 42. Re5 Rf7 1-0

[Event "27. Torneo San Viator 2016 - Troneo B"]
[Site "Madrid ESP"]
[Date "2016.10.02"]
[Round "2.23"]
[White "Ramos Barbancho, Jose Manuel"]
[Black "Fogue Caro, David"]
[Result "1-0"]
[WhiteElo "1376"]
[BlackElo "1524"]
[PlyCount "45"]
[EventDate "2016.09.25"]
[EventType "swiss"]
[EventRounds "9"]
[EventCountry "ESP"]
[Source "lmi"]
[SourceDate "2016.09.25"]

1. e4 c5 2. Nf3 e6 3. Nc3 a6 4. d4 cxd4 5. Nxd4 Bb4 6. Bd3 Qf6 7. Be3 Bxc3+ 8.
bxc3 Nc6 9. O-O Qe5 10. Nxc6 dxc6 11. Bd4 Qg5 12. e5 Qd8 13. Rb1 Qd5 14. Bb6
Qxe5 15. Bc4 Bd7 16. Bd4 Qg5 17. Rxb7 Ne7 18. Bxg7 Bc8 19. Rxe7+ Qxe7 20. Bxh8
f6 21. Qf3 Kf7 22. Re1 Bb7 23. Rxe6 1-0

[Event "27. Torneo San Viator 2016 - Troneo B"]
[Site "Madrid ESP"]
[Date "2016.10.02"]
[Round "2.24"]
[White "Cortijo Manso, Luis"]
[Black "Aparicio Iriso, Miguel"]
[Result "1-0"]
[WhiteElo "1504"]
[BlackElo "1325"]
[PlyCount "25"]
[EventDate "2016.09.25"]
[EventType "swiss"]
[EventRounds "9"]
[EventCountry "ESP"]
[Source "lmi"]
[SourceDate "2016.09.25"]

1. Nf3 Nf6 2. d4 d5 3. g3 e6 4. Bg2 Nbd7 5. Nbd2 c5 6. c4 Be7 7. O-O b6 8. cxd5
Nxd5 9. Nc4 Bb7 10. Nce5 N7f6 11. Qa4+ Kf8 12. Ng5 g6 13. Ngxf7 1-0

[Event "27. Torneo San Viator 2016 - Troneo B"]
[Site "Madrid ESP"]
[Date "2016.10.02"]
[Round "2.25"]
[White "Simon Escalona, Irene"]
[Black "Mora Gonzalez-Rojas, Francisco"]
[Result "1-0"]
[WhiteElo "1488"]
[BlackElo "1283"]
[PlyCount "107"]
[EventDate "2016.09.25"]
[EventType "swiss"]
[EventRounds "9"]
[EventCountry "ESP"]
[Source "lmi"]
[SourceDate "2016.09.25"]

1. e4 e5 2. Nf3 d6 3. d4 exd4 4. Nxd4 Nf6 5. Nc3 Be7 6. Bc4 O-O 7. Bb3 Bg4 8.
Qd3 Nbd7 9. Qg3 Bh5 10. O-O Nc5 11. Re1 Bg6 12. f3 Nxb3 13. axb3 Re8 14. Bd2
Qd7 15. Rad1 Rac8 16. Nde2 c5 17. Nf4 Nh5 18. Nxh5 Bxh5 19. Bf4 Rc6 20. e5 Bd8
21. exd6 Rxe1+ 22. Qxe1 Bg6 23. Qe2 h6 24. Bg3 Bf6 25. Re1 Bd4+ 26. Kh1 Kh7 27.
Qe7 Qxe7 28. dxe7 f6 29. e8=Q Bxe8 30. Rxe8 a6 31. h4 b5 32. Ne4 Bxb2 33. Re7
c4 34. Rc7 Rxc7 35. Bxc7 cxb3 36. cxb3 Bd4 37. b4 Kg6 38. g4 f5 39. h5+ Kf7 40.
gxf5 Ke7 41. f4 Kd7 42. Be5 Bxe5 43. fxe5 Ke7 44. Nc5 a5 45. bxa5 b4 46. a6 b3
47. Nxb3 Kd7 48. a7 Ke7 49. a8=Q Kf7 50. Qb7+ Kg8 51. f6 gxf6 52. exf6 Kf8 53.
Qe7+ Kg8 54. Qg7# 1-0

[Event "27. Torneo San Viator 2016 - Troneo B"]
[Site "Madrid ESP"]
[Date "2016.10.02"]
[Round "2.26"]
[White "Pastor Martinez, Mario"]
[Black "Pastor Martinez, Diego"]
[Result "1/2-1/2"]
[WhiteElo "1475"]
[BlackElo "1251"]
[PlyCount "60"]
[EventDate "2016.09.25"]
[EventType "swiss"]
[EventRounds "9"]
[EventCountry "ESP"]
[Source "lmi"]
[SourceDate "2016.09.25"]

1. e4 e5 2. Nf3 Nc6 3. Bb5 d6 4. Nc3 Bd7 5. O-O Nf6 6. Re1 a6 7. Bxc6 Bxc6 8.
d3 g6 9. Bg5 Be7 10. Bxf6 Bxf6 11. a4 d5 12. exd5 Bxd5 13. Nxd5 Qxd5 14. Qe2
O-O 15. Qe4 Qxe4 16. Rxe4 Rfe8 17. c3 c6 18. Rae1 Rad8 19. R4e3 Re7 20. Nxe5
Bxe5 21. Rxe5 Rxe5 22. Rxe5 Rxd3 23. h3 Rd7 24. Kf1 Kf8 25. Ke2 Re7 26. Rxe7
Kxe7 27. Ke3 f5 28. f4 Ke6 29. Kd4 Kd6 30. b4 b5 1/2-1/2

[Event "27. Torneo San Viator 2016 - Troneo B"]
[Site "Madrid ESP"]
[Date "2016.10.02"]
[Round "2.27"]
[White "Santos Burkholz, Mario"]
[Black "Guillo Sanchez-Galiano, Ernest"]
[Result "1-0"]
[WhiteElo "1471"]
[BlackElo "1202"]
[PlyCount "41"]
[EventDate "2016.09.25"]
[EventType "swiss"]
[EventRounds "9"]
[EventCountry "ESP"]
[Source "lmi"]
[SourceDate "2016.09.25"]

1. e4 c5 2. Nf3 Nc6 3. d4 cxd4 4. Nxd4 g6 5. Nc3 Bg7 6. Be3 Nf6 7. f3 d6 8. Qd2
Nxd4 9. Bxd4 O-O 10. O-O-O b6 11. g4 Bb7 12. h4 h5 13. Bxf6 Bxf6 14. gxh5 gxh5
15. Rg1+ Kh7 16. e5 Bg7 17. Bd3+ Kh8 18. Rxg7 Kxg7 19. Qg5+ Kh8 20. Qh6+ Kg8
21. Qh7# 1-0

[Event "27. Torneo San Viator 2016 - Troneo B"]
[Site "Madrid ESP"]
[Date "2016.10.02"]
[Round "2.34"]
[White "Ramos Antona, Enrique"]
[Black "Reyero Castro, Jorge"]
[Result "1-0"]
[WhiteElo "1613"]
[BlackElo "1206"]
[PlyCount "99"]
[EventDate "2016.09.25"]
[EventType "swiss"]
[EventRounds "9"]
[EventCountry "ESP"]
[Source "lmi"]
[SourceDate "2016.09.25"]

1. d4 Nf6 2. c4 d5 3. Nc3 g6 4. cxd5 Nxd5 5. e4 Nxc3 6. bxc3 Bg7 7. Bc4 c5 8.
Ne2 O-O 9. O-O Nc6 10. Be3 Bd7 11. Rb1 Qc7 12. dxc5 Na5 13. Bd3 Rfc8 14. Bd4
Rab8 15. Qd2 b6 16. cxb6 axb6 17. Ba6 Rd8 18. Bd3 Nc4 19. Bxc4 Qxc4 20. Rb4 Qc7
21. Qe3 b5 22. Nf4 e5 23. Nd5 Qa5 24. Bb6 Qxa2 25. Bxd8 Rxd8 26. Rbb1 Be6 27.
Qb6 Rf8 28. Qxb5 Qd2 29. Qc5 Qe2 30. Rfe1 Qg4 31. f3 Qg5 32. Kh1 h5 33. Qe7 Qd2
34. Red1 Qc2 35. Rbc1 Qf2 36. Nf6+ Kh8 37. Rd8 Bxf6 38. Rxf8+ Kg7 39. Rg8+ Kxg8
40. Qxf6 Qb2 41. Qg5 Kg7 42. Qe3 f5 43. exf5 gxf5 44. Qxe5+ Kf7 45. Re1 Bc4 46.
Qc7+ Kg6 47. Qxc4 Qf2 48. Qe6+ Kg5 49. Qe3+ Qxe3 50. Rxe3 1-0

[Event "27. Torneo San Viator 2016 - Troneo B"]
[Site "Madrid ESP"]
[Date "2016.10.02"]
[Round "2.36"]
[White "Del Noval Nemeshazi, Mario"]
[Black "Rivera Rodriguez, Luis Fernand"]
[Result "1-0"]
[WhiteElo "1304"]
[BlackElo "1394"]
[PlyCount "103"]
[EventDate "2016.09.25"]
[EventType "swiss"]
[EventRounds "9"]
[EventCountry "ESP"]
[Source "lmi"]
[SourceDate "2016.09.25"]

1. e4 e5 2. Nf3 Nc6 3. d4 d6 4. dxe5 Qe7 5. Bb5 Bd7 6. Bxc6 Bxc6 7. Qd4 f6 8.
exd6 Qxd6 9. Qxd6 Bxd6 10. Nc3 O-O-O 11. a3 Re8 12. Nd2 Bf4 13. f3 f5 14. O-O
Be3+ 15. Kh1 Bxd2 16. Bxd2 fxe4 17. fxe4 Bxe4 18. Nxe4 Rxe4 19. Rf8+ Kd7 20.
Bc3 Re7 21. Rd1+ Kc6 22. Rdd8 h6 23. Rxg8 Rh7 24. Rh8 g5 25. Rxh7 Rxh7 26. Rh8
Re7 27. Rxh6+ Kd7 28. Rg6 Re2 29. Rxg5 Rxc2 30. h4 Re2 31. h5 Re4 32. g3 Re6
33. Rg6 Rxg6 34. hxg6 Ke7 35. g7 Kf7 36. g4 Kg8 37. Kg2 Kf7 38. Kf3 c6 39. Ke4
b6 40. g5 Kg8 41. Kf5 c5 42. Ke6 a6 43. Kd6 c4 44. Kc6 b5 45. Kb6 Kh7 46. Kxa6
Kg8 47. Kxb5 Kh7 48. a4 Kg8 49. a5 Kh7 50. a6 Kg8 51. a7 Kh7 52. a8=Q 1-0

[Event "27. Torneo San Viator 2016 - Troneo B"]
[Site "Madrid ESP"]
[Date "2016.10.02"]
[Round "2.37"]
[White "Rufo Yebra, Benito"]
[Black "Lozano Serrano, Nuria"]
[Result "0-1"]
[WhiteElo "1393"]
[BlackElo "1188"]
[PlyCount "74"]
[EventDate "2016.09.25"]
[EventType "swiss"]
[EventRounds "9"]
[EventCountry "ESP"]
[Source "lmi"]
[SourceDate "2016.09.25"]

1. d4 Nf6 2. d5 c6 3. dxc6 Nxc6 4. e3 e6 5. Nf3 d5 6. a3 Bd6 7. Bd3 O-O 8. b4
Ne5 9. Bb2 Qc7 10. Nbd2 Bd7 11. Rc1 Ba4 12. Nb3 Nxf3+ 13. gxf3 Be5 14. Bxe5
Qxe5 15. Nd4 Nh5 16. Qe2 Nf4 17. exf4 Qxd4 18. Rd1 Qxf4 19. h4 Rfe8 20. h5 h6
21. Rg1 e5 22. Rg4 Qd4 23. Bh7+ Kxh7 24. Kf1 Qb6 25. Rxd5 f6 26. Qe4+ Kh8 27.
Rd7 Bxd7 28. Rg1 Bb5+ 29. Kg2 Rad8 30. c4 Rd2 31. Qe1 Red8 32. cxb5 Qxb5 33.
Qb1 Qd3 34. Qa1 Rd1 35. Qa2 Rxg1+ 36. Kxg1 Qxf3 37. Qf7 Rd1+ 0-1

[Event "27. Torneo San Viator 2016 - Troneo B"]
[Site "Madrid ESP"]
[Date "2016.10.02"]
[Round "2.38"]
[White "Martin Rodriguez, Jose Luis"]
[Black "Furones Diez, Jose Luis"]
[Result "1-0"]
[WhiteElo "1378"]
[BlackElo "1173"]
[PlyCount "57"]
[EventDate "2016.09.25"]
[EventType "swiss"]
[EventRounds "9"]
[EventCountry "ESP"]
[Source "lmi"]
[SourceDate "2016.09.25"]

1. c4 e6 2. d4 d5 3. cxd5 exd5 4. Nf3 Nc6 5. e3 Nf6 6. Nc3 Be6 7. Bd3 Bb4 8. a3
Bxc3+ 9. bxc3 Qd7 10. O-O Bf5 11. Bb5 a6 12. Be2 O-O 13. Nh4 Bg6 14. Nxg6 fxg6
15. Qc2 Qf5 16. Bd3 Ne4 17. f3 Qe6 18. fxe4 Ne7 19. exd5 Nxd5 20. e4 Nf6 21.
Qa2 Qxa2 22. Rxa2 Ng4 23. h3 Nf6 24. Raf2 Rad8 25. Bc4+ Kh8 26. e5 b5 27. Bb3
Ng4 28. Rxf8+ Rxf8 29. Rxf8# 1-0

[Event "27. Torneo San Viator 2016 - Troneo B"]
[Site "Madrid ESP"]
[Date "2016.10.02"]
[Round "2.39"]
[White "Arevalo Estriegana, Jorge"]
[Black "Jimenez Perez, Federico"]
[Result "1-0"]
[WhiteElo "1273"]
[BlackElo "1377"]
[PlyCount "111"]
[EventDate "2016.09.25"]
[EventType "swiss"]
[EventRounds "9"]
[EventCountry "ESP"]
[Source "lmi"]
[SourceDate "2016.09.25"]

1. d4 Nf6 2. Nf3 g6 3. Bf4 Bg7 4. Nc3 c6 5. e3 O-O 6. h4 Qa5 7. Qd2 b5 8. Ne4
Qxd2+ 9. Nexd2 d6 10. Bd3 Nbd7 11. O-O-O Ng4 12. Rdf1 e5 13. Bg3 a5 14. h5 Ndf6
15. hxg6 fxg6 16. dxe5 dxe5 17. Nxe5 Nxe5 18. Bxe5 Ba6 19. Nf3 b4 20. Bxa6 Rxa6
21. Rh4 c5 22. Rfh1 h5 23. Rc4 Nd7 24. Bxg7 Kxg7 25. Rd1 Rf7 26. Ng5 Re7 27.
Re4 Ne5 28. f4 Kf6 29. Rxe5 Rxe5 30. Nh7+ Kf5 31. fxe5 Kxe5 32. Ng5 a4 33. Nf7+
Ke4 34. Kd2 c4 35. Ke2 b3 36. axb3 c3 37. bxc3 a3 38. Nd6+ Ke5 39. Nc4+ Kf5 40.
Ra1 a2 41. Nb2 Kg4 42. Na4 Kg3 43. Rxa2 Rf6 44. Ra1 Rf2+ 45. Kd3 Rxg2 46. Nc5
h4 47. Ne4+ Kg4 48. Rf1 h3 49. Nf2+ Kg3 50. Nxh3 Kxh3 51. c4 Rg5 52. b4 Kg2 53.
Rf6 Kg3 54. b5 Kg4 55. b6 Kh5 56. b7 1-0

[Event "27. Torneo San Viator 2016 - Troneo B"]
[Site "Madrid ESP"]
[Date "2016.10.02"]
[Round "2.41"]
[White "Periotto Miori, Lautaro"]
[Black "Garcia Lozano, Javier"]
[Result "1/2-1/2"]
[WhiteElo "1237"]
[BlackElo "1359"]
[PlyCount "50"]
[EventDate "2016.09.25"]
[EventType "swiss"]
[EventRounds "9"]
[EventCountry "ESP"]
[Source "lmi"]
[SourceDate "2016.09.25"]

1. e4 e5 2. Nf3 Nc6 3. Bc4 Bc5 4. d3 Nf6 5. c3 d6 6. Bb3 Bg4 7. Nbd2 b5 8. O-O
O-O 9. Re1 Qd7 10. Nf1 Rad8 11. Ne3 Be6 12. Bc2 Rfe8 13. a3 d5 14. exd5 Nxd5
15. Nd2 Nxe3 16. fxe3 Bg4 17. Nf3 Qc8 18. Qe2 f5 19. Qf2 f4 20. Ng5 Rf8 21. Qh4
h6 22. Bb3+ Kh8 23. Nf7+ Rxf7 24. Bxf7 Rxd3 25. Bg6 Bf5 1/2-1/2

[Event "27. Torneo San Viator 2016 - Troneo B"]
[Site "Madrid ESP"]
[Date "2016.10.02"]
[Round "2.42"]
[White "Marinas Olaya, Marta"]
[Black "Coronado Riscos, Hector"]
[Result "0-1"]
[WhiteElo "1359"]
[BlackElo "1034"]
[PlyCount "114"]
[EventDate "2016.09.25"]
[EventType "swiss"]
[EventRounds "9"]
[EventCountry "ESP"]
[Source "lmi"]
[SourceDate "2016.09.25"]

1. d4 Nf6 2. Bf4 g6 3. Nf3 Bg7 4. e3 O-O 5. Be2 d6 6. O-O Nbd7 7. c4 b6 8. b4
Bb7 9. Nc3 c5 10. b5 Ne4 11. Nxe4 Bxe4 12. dxc5 Bxa1 13. Qxa1 Nxc5 14. Bh6 Ne6
15. Bxf8 Nxf8 16. Qd4 d5 17. cxd5 Qxd5 18. Qxd5 Bxd5 19. Ra1 Rd8 20. Rd1 Ne6
21. a4 f6 22. e4 Bxe4 23. Rxd8+ Nxd8 24. Bc4+ Kg7 25. Nd4 e5 26. Ne6+ Nxe6 27.
Bxe6 Bc2 28. Bd7 Bxa4 29. Kf1 a6 30. bxa6 Bxd7 31. a7 Bc6 32. Ke2 Kf7 33. Kd3
Ke7 34. Kc4 Kd7 35. g3 Kc7 36. f4 Kb7 37. fxe5 fxe5 38. h4 h5 39. Kd3 Kxa7 40.
Ke3 b5 41. Kf2 b4 42. g4 hxg4 43. Kg3 Bd7 44. h5 gxh5 45. Kh4 b3 46. Kxh5 b2
47. Kg5 b1=Q 48. Kf6 Qb6+ 49. Kxe5 Qc5+ 50. Kf4 Qd5 51. Ke3 Qc4 52. Kf2 Qd3 53.
Ke1 Qc2 54. Kf1 Qd2 55. Kg1 Bc6 56. Kf1 Bb7 57. Kg1 Qg2# 0-1

[Event "27. Torneo San Viator 2016 - Troneo B"]
[Site "Madrid ESP"]
[Date "2016.10.02"]
[Round "2.43"]
[White "Perez Ramos, Miguel Angel"]
[Black "Benitez Robles, Antonio"]
[Result "0-1"]
[WhiteElo "1193"]
[BlackElo "1344"]
[PlyCount "86"]
[EventDate "2016.09.25"]
[EventType "swiss"]
[EventRounds "9"]
[EventCountry "ESP"]
[Source "lmi"]
[SourceDate "2016.09.25"]

1. e4 c5 2. Bc4 d6 3. Nf3 Bg4 4. Nc3 Nc6 5. Nd5 a6 6. Be2 e6 7. Nc3 Nf6 8. O-O
Be7 9. Ne1 Bxe2 10. Qxe2 Qc7 11. d3 h5 12. Bf4 Rb8 13. Nf3 b5 14. e5 Ng4 15.
exd6 Bxd6 16. Nd5 Qd7 17. h3 Bxf4 18. Nxf4 Nf6 19. Ne5 Qc7 20. Rae1 Nd4 21. Qd2
Kf8 22. c3 Nf5 23. Nf3 Re8 24. d4 cxd4 25. Nxd4 e5 26. Nxf5 exf4 27. Qd6+ Qxd6
28. Nxd6 Rd8 29. Rd1 g6 30. Rd4 Kg7 31. Rfd1 g5 32. Nf5+ Kg6 33. Rxd8 Rxd8 34.
Rxd8 Kxf5 35. Rd5+ Nxd5 36. b3 Nxc3 37. a3 Ke4 38. Kf1 Kd3 39. Ke1 Kc2 40. g3
Kxb3 41. Kd2 fxg3 42. fxg3 f5 43. Kd3 a5 0-1

[Event "27. Torneo San Viator 2016 - Troneo B"]
[Site "Madrid ESP"]
[Date "2016.10.02"]
[Round "2.45"]
[White "Periotto Miori, Caterina"]
[Black "Jimenez Sanchez, Juan Daniel"]
[Result "1/2-1/2"]
[WhiteElo "1151"]
[BlackElo "1339"]
[PlyCount "36"]
[EventDate "2016.09.25"]
[EventType "swiss"]
[EventRounds "9"]
[EventCountry "ESP"]
[Source "lmi"]
[SourceDate "2016.09.25"]

1. Nf3 c6 2. c4 e6 3. a3 d5 4. d4 c5 5. e3 Nf6 6. Nc3 cxd4 7. exd4 dxc4 8. Bxc4
Nbd7 9. O-O Qc7 10. Bd3 a6 11. Bg5 Bd6 12. Rc1 Qb8 13. Bh4 b5 14. Qe2 O-O 15.
Ne4 Bf4 16. Rc2 Ng4 17. Bg3 Bxg3 18. Nxg3 Bb7 1/2-1/2

[Event "27. Torneo San Viator 2016 - Troneo B"]
[Site "Madrid ESP"]
[Date "2016.10.02"]
[Round "2.47"]
[White "Garcia Pumarega, Cesar"]
[Black "Horcajuelo Rocamora, Martin"]
[Result "1-0"]
[WhiteElo "1274"]
[BlackElo "1326"]
[PlyCount "89"]
[EventDate "2016.09.25"]
[EventType "swiss"]
[EventRounds "9"]
[EventCountry "ESP"]
[Source "lmi"]
[SourceDate "2016.09.25"]

1. e4 e5 2. Nf3 Nc6 3. Bb5 a6 4. Bc4 Bc5 5. Nc3 Nf6 6. d3 h6 7. O-O d6 8. h3
O-O 9. b3 Ne7 10. Bb2 b5 11. Bd5 c6 12. a4 cxd5 13. axb5 d4 14. Ne2 Ng6 15. c4
Nh7 16. Ng3 Bd7 17. bxa6 Qb6 18. Qd2 Bb4 19. Qe2 Nf4 20. Qd1 Rxa6 21. Rxa6 Qxa6
22. Nf5 Qa2 23. Bc1 Bxf5 24. exf5 Ng5 25. Bxf4 exf4 26. Nxd4 Bc5 27. Nf3 Re8
28. d4 Nxf3+ 29. Qxf3 Bxd4 30. Qxf4 Be5 31. Qg4 Qxb3 32. Rc1 Qa3 33. Re1 Bh2+
34. Kxh2 Rxe1 35. f6 g6 36. Qc8+ Kh7 37. Qf8 Rh1+ 38. Kxh1 Qa1+ 39. Kh2 Qxf6
40. Kg1 g5 41. Kf1 Kg6 42. Ke2 Qe5+ 43. Kf1 Qd4 44. Qg8+ Kf6 45. Qh8+ 1-0

[Event "27. Torneo San Viator 2016 - Troneo B"]
[Site "Madrid ESP"]
[Date "2016.10.09"]
[Round "3.1"]
[White "Sanchez Ortega, Ivan"]
[Black "Perez Sempere, Alberto"]
[Result "1/2-1/2"]
[WhiteElo "1673"]
[BlackElo "1748"]
[PlyCount "177"]
[EventDate "2016.09.25"]
[EventType "swiss"]
[EventRounds "9"]
[EventCountry "ESP"]
[Source "lmi"]
[SourceDate "2016.09.25"]

1. d4 d5 2. Nf3 Nf6 3. c4 c6 4. Nc3 e6 5. e3 Be7 6. Bd3 dxc4 7. Bxc4 O-O 8. O-O
Nbd7 9. Bd2 b6 10. Qc2 Bb7 11. Bd3 h6 12. Ne4 Rc8 13. Bc3 c5 14. dxc5 Nxc5 15.
Nxc5 Rxc5 16. Qe2 Bxf3 17. gxf3 Rg5+ 18. Kh1 Nd5 19. Bd2 Rh5 20. Be4 Bd6 21. f4
Qh4 22. f3 Ne7 23. Rg1 Nf5 24. Bxf5 Rxf5 25. Rg4 Qh5 26. Rag1 g6 27. Be1 g5 28.
Bc3 f6 29. Qc4 Qf7 30. fxg5 Rxg5 31. f4 Rxg4 32. Rxg4+ Kh8 33. Qe4 Rg8 34. Qg2
Rxg4 35. Qxg4 Qb7+ 36. Kg1 Qg7 37. h3 h5 38. Qxg7+ Kxg7 39. Kf2 Kg6 40. Kf3 f5
41. e4 a6 42. b3 b5 43. a4 Kf7 44. exf5 exf5 45. axb5 axb5 46. Be5 Bc5 47. Ke2
Ke6 48. Kd3 Kd5 49. Bc3 Bd6 50. Bd2 Bc5 51. Bc3 Bb6 52. Bb4 Bg1 53. Bd2 Kc5 54.
Kc3 Bd4+ 55. Kd3 Kd5 56. Bb4 Bg7 57. Bd2 Kc5 58. Be1 Bf6 59. Bd2 Bb2 60. Kc2
Ba3 61. Kd3 Bb4 62. Be3+ Kd5 63. Bd4 Bd2 64. Be5 Bb4 65. Bd4 Bc5 66. Bc3 Bd6
67. Bd2 Bc7 68. Be3 Kc6 69. Bd2 Kc5 70. Ke3 Bb6 71. Kd3 Kd5 72. Bc3 Bd8 73. Bb4
Bh4 74. Ke3 Bg3 75. Bd2 Bh2 76. Kd3 Bg1 77. Bc3 Kc5 78. Bd2 Bh2 79. Ke3 Bg1+
80. Kd3 Bd4 81. Be1 Bb2 82. Bd2 Ba3 83. Be1 Bb4 84. Bf2+ Kd5 85. Be3 Ba5 86.
Bd4 Kc6 87. Bb2 Bb4 88. Bd4 Kd5 89. Ke3 1/2-1/2

[Event "27. Torneo San Viator 2016 - Troneo B"]
[Site "Madrid ESP"]
[Date "2016.10.09"]
[Round "3.2"]
[White "Fernandez Estremera, Fernando"]
[Black "Perez Mondejar, Adler"]
[Result "1-0"]
[WhiteElo "1652"]
[BlackElo "1734"]
[PlyCount "45"]
[EventDate "2016.09.25"]
[EventType "swiss"]
[EventRounds "9"]
[EventCountry "ESP"]
[Source "lmi"]
[SourceDate "2016.09.25"]

1. d4 d5 2. c4 e5 3. dxe5 d4 4. a3 Nc6 5. Nf3 Nge7 6. e3 Bg4 7. Be2 d3 8. Qxd3
Qxd3 9. Bxd3 Bxf3 10. gxf3 O-O-O 11. Be2 Nxe5 12. O-O g5 13. Bd2 Rg8 14. Kh1
Nf5 15. Bc3 Bd6 16. c5 Bxc5 17. Bxe5 f6 18. Bxf6 Rd6 19. Be5 Rh6 20. Rg1 Re8
21. f4 gxf4 22. Bxf4 Rh4 23. Bg5 1-0

[Event "27. Torneo San Viator 2016 - Troneo B"]
[Site "Madrid ESP"]
[Date "2016.10.09"]
[Round "3.3"]
[White "Navarro Gonzalez, Jaime"]
[Black "Marcelo De La Mata, Daniel"]
[Result "1-0"]
[WhiteElo "1733"]
[BlackElo "1661"]
[PlyCount "141"]
[EventDate "2016.09.25"]
[EventType "swiss"]
[EventRounds "9"]
[EventCountry "ESP"]
[Source "lmi"]
[SourceDate "2016.09.25"]

1. e4 c6 2. d4 d5 3. e5 Bf5 4. Nf3 e6 5. Be2 Nd7 6. O-O Ne7 7. Be3 Bg6 8. c4
dxc4 9. Bxc4 Nd5 10. Nc3 Be7 11. Qe2 O-O 12. Rad1 a6 13. Bc1 Qa5 14. Nxd5 cxd5
15. Bb3 Rac8 16. Bd2 Bb4 17. Rc1 b5 18. Bxb4 Qxb4 19. Qe3 Nb6 20. a3 Qa5 21.
Rxc8 Rxc8 22. Rc1 Nc4 23. Qc3 Qxc3 24. Rxc3 h6 25. Kf1 Rb8 26. Bc2 b4 27. axb4
Rxb4 28. Bxg6 fxg6 29. b3 Na5 30. Rc8+ Kh7 31. Ra8 Rb6 32. Nd2 Nc6 33. Nf3 g5
34. h3 Kg6 35. Re8 Kf7 36. Ra8 Kg6 37. Re8 Na5 38. b4 Nc4 39. Ke2 Kf5 40. Kd3
Rxb4 41. g4+ Kg6 42. Rxe6+ Kf7 43. Rxa6 Rb3+ 44. Ke2 Rb2+ 45. Kf1 Rb1+ 46. Kg2
Rb2 47. Ra7+ Kf8 48. Kg3 Nd2 49. Nxd2 Rxd2 50. Ra4 Kf7 51. Kf3 Rd3+ 52. Ke2
Rxh3 53. Ra7+ Ke8 54. Ra5 g6 55. Rxd5 h5 56. gxh5 gxh5 57. Ra5 Ke7 58. d5 g4
59. Ra7+ Ke8 60. d6 g3 61. fxg3 Rh2+ 62. Ke3 Rh1 63. Ke4 h4 64. gxh4 Rxh4+ 65.
Kd5 Rh5 66. Re7+ Kd8 67. Kc6 Rh6 68. e6 Rh1 69. Rb7 Rc1+ 70. Kb5 Kc8 71. d7+
1-0